| 000 | 01121cam a22003377a 4500 | ||
|---|---|---|---|
| 003 | CHAP | ||
| 005 | 20220329135756.0 | ||
| 008 | 971013s1971 r 00010 d | ||
| 010 | _a41893 | ||
| 011 | _a42865 | ||
| 035 | _a46995 | ||
| 040 | _cCHAP | ||
| 090 | _aFolleto 1692 | ||
| 100 | 0 | 0 |
_aMyren, Delbert T. _979961 |
| 245 | 1 | 4 |
_aThe Puebla Project _b: a developmental strategy for low income farmes |
| 260 |
_aColumbus, Ohio : _bOhio State University, _c1971 |
||
| 300 | _a46 h | ||
| 590 |
_aBATCH-UPD _b10 _c20130110 _lUCH01 _h0049 |
||
| 590 |
_aBATCH-UPD _b10 _c20130110 _lUCH01 _h1033 |
||
| 590 |
_aBATCH-UPD _b10 _c20130409 _lUCH01 _h2036 |
||
| 590 |
_aBATCH-UPD _b10 _c20130410 _lUCH01 _h0635 |
||
| 590 |
_aBATCH-UPD _b10 _c20130913 _lUCH01 _h2145 |
||
| 590 |
_aBATCH-UPD _b10 _c20130914 _lUCH01 _h1338 |
||
| 590 |
_aCONVERSION _b10 _c20130109 _lUCH01 _h1323 |
||
| 650 | 1 | 4 |
_aAgricultura de temporal. _91999 |
| 650 | 1 | 4 |
_aAgricultura _xInnovaciones tecnológicas. _91565 |
| 650 | 1 | 4 |
_aExtensión agrícola _xPuebla. _939185 |
| 901 | _aBK | ||
| 942 | _cFOLL | ||
| 949 |
_aFolleto 1692 _bBC _cFOLL _d-106977 _eTS1 _i46995 _mD _si |
||
| 999 |
_c41893 _d41893 |
||